Tilastot visalle Kiinan aluekiistat

Klikkaa tästä pelataksesi tätä visaa!

Yleistilastot

  • Tätä visaa on pelattu 142 kertaa
  • Keskiarvotulos 6 / 9

Vastaustilastot

Valtio% Oikein
Japani
87%
Taiwan
85%
Intia
84%
Vietnam
77%
Indonesia
66%
Filippiinit
61%
Malesia
56%
Bhutan
51%
Brunei
41%

Tulosjakauma

Persentiili vastausten määrän mukaan

Jokaisen tuloksen saaneiden osuus

Tuloshistoriasi

Et ole pelannut tätä visaa